Hamburger SV Squad 2015-2016 - Statistics

General Stats
  • This quiz has been taken 36 times
  • The average score is 16 of 31
Answer Stats
# Position Nation Player % Correct
1 GK Czech Republic Jaroslav Drobný
90%
15 GK Germany René Adler
81%
5 DF Switzerland Johan Djourou
77%
10 FW Germany Pierre-Michel Lasogga
77%
4 DF Bosnia and Herzegovina Emir Spahić
74%
11 FW Croatia Ivica Olić
74%
20 MF Sweden Albin Ekdal
71%
16 FW Latvia Artjoms Rudņevs
71%
21 MF Chile Marcelo Díaz
71%
2 DF Germany Dennis Diekmeier
68%
27 FW Germany Nicolai Müller
65%
24 DF Japan Gōtoku Sakai
61%
7 FW Croatia Ivo Iličević
61%
26 FW Germany Philipp Müller
61%
3 DF Brazil Cléber Reis
58%
- Coach Germany Bruno Labbadia
55%
8 MF Germany Lewis Holtby
55%
14 MF Germany Aaron Hunt
45%
17 MF Hungary Zoltán Stieber
45%
9 FW Germany Sven Schipplock
39%
18 FW Switzerland Josip Drmić
35%
23 FW Austria Michael Gregoritsch
35%
40 MF Serbia Gojko Kačar
32%
22 DF Germany Matthias Ostrzolek
32%
21 FW Sweden Nabil Bahoui
26%
28 MF Germany Gideon Jung
23%
30 GK Switzerland Andreas Hirzel
19%
33 FW Turkey Batuhan Altıntaş
19%
39 DF Germany Ashton Götz
13%
19 MF Kosovo Dren Feka
13%
34 MF Germany Finn Porath
10%
No matching quizzes found
Score Distribution
Percent of People with Each Score
Percentile by Number Answered
Your Score History
You have not taken this quiz